|
|
|
|
| LEADER |
00000nab a2200000 a 4500 |
| 001 |
vtls000200533 |
| 003 |
SK-MaSNL |
| 005 |
20260304061746.0 |
| 008 |
250422c1984 xo 0 slo |
| 015 |
|
|
|a SNBRB19rr/mm-uuuuu
|
| 035 |
|
|
|a CL0210646
|
| 035 |
|
|
|a urn:nbn:sk:snk-ab5df
|
| 035 |
|
|
|a (urnnbn)urn:nbn:sk:snk:ar-a03lso
|
| 035 |
|
|
|a (uuid)06565a39-c654-47fb-8e0c-883d0d0ef8be
|
| 040 |
|
|
|a SNKBUCL
|b slo
|c SNKBUCL
|e AACR2
|
| 041 |
0 |
|
|a slo
|
| 044 |
|
|
|a xo
|c SK
|
| 080 |
|
|
|a 612.411
|2 1981
|
| 080 |
|
|
|a 612.017
|2 1981
|
| 080 |
|
|
|a 57.086.3
|2 1981
|
| 245 |
0 |
0 |
|a Vychytávanie imúnnych komplexov v slezine ; Miroslav Brozman, Ján Jakubovský, Drahomír Chorváth, Mária Ružičková, Eva Surmíková, Milan Belošovič
|
| 300 |
|
|
|b Obr. 6. Res. rus., angl., nem., lit. 21 zázn. v slov., češ., angl.
|
| 650 |
0 |
7 |
|a slezina
|2 snkbucl
|9 14356
|
| 655 |
|
7 |
|a články z novín a časopisov
|2 snkbucl
|9 267496
|
| 700 |
1 |
|
|a Brozman, Miroslav,
|d 1920-1993
|4 aut
|9 38619
|
| 700 |
1 |
|
|a Jakubovský, Ján,
|d 1939-
|4 aut
|9 5010
|
| 700 |
1 |
|
|a Chorváth, Drahomír,
|d 1937-1987
|4 aut
|9 6582
|
| 700 |
1 |
|
|a Ružičková, Mária
|4 aut
|9 931125
|
| 700 |
1 |
|
|a Surmíková, Eva
|4 aut
|9 1113523
|
| 700 |
1 |
|
|a Belošovič, Milan
|4 aut
|9 1344799
|
| 773 |
0 |
|
|t Bratislavské lekárske listy
|g Roč. 82, č. 6 (1984), s. 1393-1401
|
| 850 |
|
|
|a Slovenská národná knižnica
|
| 852 |
|
|
|a Slovenská národná knižnica
|
| 954 |
|
|
|a odborná, vedecká literatúra pôvodná (slovenská)
|2 lita
|
| 958 |
|
|
|a article27
|
| 958 |
|
|
|a NB
|
| 958 |
|
|
|a RK
|
| 958 |
|
|
|a OND
|
| 958 |
|
|
|a EUIPO
|
| 992 |
|
|
|a RBX
|
| 999 |
|
|
|c 2734813
|d 2736743
|